000 00845cam a2200313 4500500
005 20260329005219.0
041 _afre
042 _adc
100 1 0 _aNathan, Tobie
_eauthor
245 0 0 _aPuff. Jeunesse dans les vapes
260 _c2022.
500 _a85
690 _aAdolescence
690 _aAmérindiens
690 _aAmérique
690 _aCigarette
690 _aCigarette électronique
690 _aDivinité
690 _aDrogue
690 _aImpôt
690 _aInnocence
690 _aObsolescence programmée
690 _apoison
690 _aSéduction
690 _aSubstances
690 _aTabac
786 0 _nPhilosophie magazine | 165 | 12 | 2022-12-01 | p. 15-15 | 1951-1787
856 4 1 _uhttps://shs.cairn.info/magazine-philosophie-magazine-2022-12-page-15?lang=fr&redirect-ssocas=7080
999 _c1841382
_d1841382